| 000 | 00360 a2200145 4500 | ||
|---|---|---|---|
| 001 | 59435 | ||
| 020 | _a857556692X | ||
| 040 | _cAnchieta - Pituba | ||
| 100 | _aLa Bruyére, Jean de | ||
| 240 | 1 | 0 |
_aCaracteres ou Costumes deste século _lpor |
| 245 | 1 | 0 | _aCaracteres ou Costumes deste século |
| 300 | _a285 | ||
| 650 | 4 | _aFenômenos paranormais | |
| 942 | _cBK | ||
| 999 |
_c59435 _d59435 |
||